000 00560cam a2200145ua 4500
041 _aeng
_h
082 _a338.06
_bKHA/AN
110 1 _aKhadi and village industries commission .
_b
_c()
245 _aAnnual report 1964-65
260 _aBombay :
_bJ N Varma ,
_c1887.
300 _a152 ; .
504 _a
942 _cBK
999 _c5856
_d5856